Proceedings ed by John Hambling and Philip Hopkins (Record no. 207011)

MARC details
000 -LEADER
fixed length control field 00762nam a2200241Ia 4500
003 - CONTROL NUMBER IDENTIFIER
control field OSt
005 - DATE AND TIME OF LATEST TRANSACTION
control field 20220918195053.0
008 - FIXED-LENGTH DATA ELEMENTS--GENERAL INFORMATION
fixed length control field 220917b |||||||| |||| 00| 0 eng d
037 ## - SOURCE OF ACQUISITION
Terms of availability Textual
040 ## - CATALOGING SOURCE
Original cataloging agency ARTS
Transcribing agency ARTS
Language of cataloging eng
041 ## - LANGUAGE CODE
Source of code eng
Language code of text/sound track or separate title eng
110 ## - MAIN ENTRY--CORPORATE NAME
Corporate name or jurisdiction name as entry element Conference In Psychosomatice Disorders In Adolescents And Young Adults, 1960 (London)
9 (RLIN) 88822
245 #0 - TITLE STATEMENT
Title Proceedings ed by John Hambling and Philip Hopkins
260 ## - PUBLICATION, DISTRIBUTION, ETC.
Date of publication, distribution, etc. 1965
650 ## - SUBJECT ADDED ENTRY--TOPICAL TERM
Topical term or geographic name entry element PSYCHOLOGY
700 ## - ADDED ENTRY--PERSONAL NAME
Personal name Conference In Psychosomatice Disorders In Adolescents And Young Adults, 1960 (London)
9 (RLIN) 88823
942 ## - ADDED ENTRY ELEMENTS (KOHA)
Classification part S2:7:4p3:N60, K5
Koha item type Textual
Source of classification or shelving scheme Colon Classification (CC)
Holdings
Withdrawn status Lost status Damaged status Not for loan Home library Current library Date acquired Total Checkouts Full call number Barcode Date last seen Price effective from Koha item type
        Arts Library Arts Library 2022-09-18   S2:7:4p3:N60 K5 AL0305072 2022-09-18 2022-09-18 Textual
Copyright @ Delhi University Library System